Teaching and Researching Writing /
محفوظ في:
| المؤلف الرئيسي: | |
|---|---|
| التنسيق: | كتاب |
| اللغة: | English |
| منشور في: |
Pearson Education Litited,
2009.
|
| الموضوعات: | |
| الوسوم: |
إضافة وسم
لا توجد وسوم, كن أول من يضع وسما على هذه التسجيلة!
|
| Thư viện lưu trữ: | Mạng thư viện Đại học Đà Nẵng |
|---|
| LEADER | 00969cam a22003011a 4500 | ||
|---|---|---|---|
| 001 | 000034506 | ||
| 003 | 10705 | ||
| 005 | 20241008094743.0 | ||
| 008 | 151027s2009 vm 000 eng | ||
| 020 | |a 9781408205051 | ||
| 041 | |a eng | ||
| 082 | |a 428.3 |b HY-K | ||
| 100 | |a Hyland, Ken | ||
| 245 | 0 | |a Teaching and Researching Writing / |c Ken Hyland. | |
| 260 | |a Pearson Education Litited, |c 2009. | ||
| 300 | |a 262p. : ; |c 25cm. | ||
| 650 | |a Researching Writing | ||
| 653 | |a Writing |a Teaching | ||
| OWN | |a LNN | ||
| AVA | |a UDN50 |b LNN |c English |d 428.3HY-K |e available |t Error 5001 Not defined in file expand_doc_bib_avail. |f 1 |g 0 |h N |i 0 |j AN |k 1 | ||
| 999 | |a From the UDN01 | ||
| AVA | |a UDN50 |b LNN |c English |d 428.3HY-K |e available |t Error 5001 Not defined in file expand_doc_bib_avail. |f 1 |g 0 |h N |i 0 |j AN |k 1 | ||
| TYP | |a Monograph | ||
| TYP | |a Printed language | ||
| 980 | |a Mạng thư viện Đại học Đà Nẵng | ||


